Miasta które były kiedyś jednym miastem (Dla geomexa) - Statystyki

Ogólne statystyki
  • Ten quiz został rozwiązany 24 razy
  • Średni wynik to 6 z 8
Statystyki odpowiedzi
Kraj Populacja Miasto % Poprawnych
Część Polska 34 513 Cieszyn
83%
Część Czeska 24 540 Czeski Cieszyn
83%
Część Polska 30 374 Zgorzelec
83%
Część Niemiecka 57 873 Frankfurt nad odrą
78%
Część Niemiecka 56 013 Gorlitz
70%
Część Polska 16 816 Slubice
65%
Część Niemiecka 20 039 Guben
48%
Część Polska 16 619 Gubin
48%
Nie znaleziono quizów pasujących do podanych kryteriów
Rozkład punktacji
Procent ludzi z każdym wynikiem
Percentyl według liczby udzielonych odpowiedzi
Twoja historia wyników
Nie rozwiązałeś tego quizu